Brainrot quiz - Statistics

General Stats
  • This quiz has been taken 140 times
  • The average score is 19 of 25
Answer Stats
Hint Answer % Correct
When a person has a lot of charisma, they have ___ Rizz
95%
Stopping right before you finish Edging
93%
"Erm, what the ___" Sigma
93%
Most brainrotted US state Ohio
92%
The ___ wolf is the leader of the pack Alpha
89%
Putting your tongue on the roof of your mouth to get a more defined jawline Mewing
89%
Head inside a toilet Skibidi toilet
89%
Kid who rizzed her up Baby Gronk
88%
Taking a piece of your friends food Fanum Tax
87%
If you drink this purple drink, something bad will happen Grimace Shake
84%
Gymnast who got rizzed up by a kid Livvy Dunne
84%
The process of maximizing one's appeareance Looksmaxxing
81%
Heaviest person ever CaseOh
80%
Streamer who collabed with Nicki Minaj Kai Cenat
80%
Sweet 16 where a group of kids sing a song by Kanye West Tiktok Rizz Party
77%
An animal that won't stop calling the phone John Pork
76%
Song that the kids are singing in the party Carnival
74%
Leader of the group of kids from the party Blue Tie Kid
71%
Extreme version of the last answer Gooning
68%
Massaging your private part to make it larger Jelqing
67%
Enemy of the above Cameramen
66%
The enemy of the leader Turkish Quandale Dingle
63%
Schlawg really thought he could run away from the ____ ______ Bill Collector
37%
When they have so much of the above that they don't even need to do anything to atract people, they have ___ Unspoken rizz
33%
What does the person that sounds like Tuco say? GET OUT
22%
No matching quizzes found
Score Distribution
Percent of People with Each Score
Percentile by Number Answered
Your Score History
You have not taken this quiz